书目信息 |
| 题名: |
疯狂iOS讲义
|
|
| 作者: | 李刚 编著 | |
| 分册: | 上 Objective-C2.0与iphone/ipad应用开发基础 | |
| 出版信息: | 北京 电子工业出版社 2015 |
|
| 页数: | 704页 | |
| 开本: | 26cm | |
| 丛书名: | ||
| 单 册: | ||
| 中图分类: | TN929.536 , TP368.32 , TN929.53 | |
| 科图分类: | ||
| 主题词: | 移动电话机--教材--程序设计--应用程序 , 便携式计算机--教材--程序设计--应用程序 , C语言--教材--程序设计 | |
| 电子资源: | ||
| ISBN: | 978-7-121-25613-4 | |
| 000 | 01144nam0 2200313 450 | |
| 001 | 3401 | |
| 005 | 20160926084919.73 | |
| 010 | @a978-7-121-25613-4@b精装@dCNY99.00 | |
| 100 | @a20150506d2015 em y0chiy50 ea | |
| 101 | 0 | @achi |
| 102 | @aCN@b110000 | |
| 105 | @aa z 000yy | |
| 200 | 1 | @a疯狂iOS讲义@9feng kuang ios jiang yi@h上@iObjective-C2.0与iphone/ipad应用开发基础@f李刚编著 |
| 205 | @a2版 | |
| 210 | @a北京@c电子工业出版社@d2015 | |
| 215 | @a704页@c图@d26cm@e1光盘 | |
| 300 | @a疯狂软件教育标准教材 | |
| 307 | @a附光盘:ISBN 978-7-89394-058-3 | |
| 330 | @a本书基于iOS 8.1、Xcode 6.1为平台,介绍了iOS应用开发的基础知识。全书共13章,包括iOS应用与开发环境、数据类型和运算符、流程控制与数组、C语言特性、面向对象、Foundation、iOS应用开发入门等内容。 | |
| 606 | 0 | @a移动电话机@j教材@x程序设计@x应用程序 |
| 606 | 0 | @a便携式计算机@j教材@x程序设计@x应用程序 |
| 606 | 0 | @aC语言@j教材@x程序设计 |
| 610 | 0 | @aiPhone@aiPad |
| 690 | @aTN929.536@v5 | |
| 690 | @aTP368.32@v5 | |
| 690 | @aTN929.53@v4 | |
| 701 | 0 | @a李刚@9li gang@c(计算机)@4编著 |
| 801 | 0 | @aCN@b唐山师范学院图书馆@c20151001 |
| 905 | @aZUCC@dTN929.536@e105 | |
| 疯狂iOS讲义.上.Objective-C2.0与iphone/ipad应用开发基础/李刚编著.-2版.-北京:电子工业出版社,2015 |
| 704页:图;26cm+1光盘 |
| 疯狂软件教育标准教材 |
| ISBN 978-7-121-25613-4(精装):CNY99.00 |
| 本书基于iOS 8.1、Xcode 6.1为平台,介绍了iOS应用开发的基础知识。全书共13章,包括iOS应用与开发环境、数据类型和运算符、流程控制与数组、C语言特性、面向对象、Foundation、iOS应用开发入门等内容。 |
| ● |
| 相关链接 |
|
|
|
|
正题名:疯狂iOS讲义
索取号:TN929.536/105
 
预约/预借
| 序号 | 登录号 | 条形码 | 馆藏地/架位号 | 状态 | 备注 |
| 1 | 904675 | 209046753 | 第二样本阅览室/ [索取号:TN929.536/105] | 在馆 | |
| 2 | 904676 | 209046762 | 第三借阅区/ [索取号:TN929.536/105] | 在馆 | |
| 3 | 904677 | 209046771 | 密集书库—计算机科学学院/ [索取号:TN929.536/105] | 在馆 |